Chemistry General Knowledge Multiple Choice Quiz - Statistics

General Stats
  • This quiz has been taken 365 times
  • The average score is 7 of 10
Answer Stats
Question Answer % Correct
Which element is diamond made from? Carbon
91%
Which gas has the highest proportion in the atmosphere? Nitrogen
83%
The pH scale describes how acidic or basic a substance is. Which of these pH values would be considered acidic? 1
79%
Which is not a nobel gas? Radium
74%
Which hazard symbol means oxidising?
65%
How many electrons does a single oxygen atom have (oxidation state 0)? 8
62%
What do you call an atom that has more protons than electrons? Cation
61%
Which of these items of glassware is called a Buchner flask?
56%
If you fill a glass to the brim with ice water and the ice melts, what will happen? The water level will drop slightly as the ice melts
45%
Which of the halogens (group 7(17)) is solid under standard conditions (0 °C / 32 °F, 100 kPa / 1 bar)? Iodine
44%
No matching quizzes found
Score Distribution
Percent of People with Each Score
Percentile by Number Answered
Your Score History
You have not taken this quiz